000 01094nam0a22003011 4500
001 rc\3251639
005 20250609195846.0
021 _aRU
_b[72-69384]
035 _a(NLR Aleph) 007479809
090 _a7504341
_c7504341
100 _a20130115d1972 |||y0rusy50 ca
101 0 _arus
102 _aRU
105 _ay z |||||
200 1 _aФормула шага
_e[О Н.А. Бернштейне]
210 _aМосква
_cФизкультура и спорт
_d1972
215 _a117 с.
_d17
320 _aОсновные работы Н.А. Берштейна: с. 115-116
606 _aФизиология в СССР
_xИстория
_2psbo
606 _aДвижения
_xИстория изучения
_2psbo
700 1 _aЧхаидзе
_bЛ.В.
_gЛеван Владимирович
701 1 _aЧумаков
_bС.В.
_gСвятослав Владимирович
702 1 _aБернштейн
_bН.А.
_gНиколай Александрович
_4570
801 0 _aRU
_bNLR
_gpsbo
801 1 _aRU
_bELAR
_2rusmarc
852 _aNLR
_j72-2/1538
942 _cBOOK
980 _aNB